000 00657nam a2200229 i 4500
001 bg
100 1 _aTRETYN, Andrzej
245 1 0 _aWapń w komórkach eukariotycznych :
_bwystępowanie, transport i komórkowy mechanizm działania /
_cAndrzej Tretyn.
260 _aWarszawa :
_bWydaw. Naukowe PWN,
_c1994.
300 _a236, [1] s. :
_brys. ;
_c21 cm.
504 _aBibliogr. s. 213-230. - Indeks.
650 9 _aWapń
650 9 _aKomórka
_xbadanie
650 9 _aBiochemia
020 _a8301116013
040 _cBPK
041 0 _apl
080 _a576:577
920 _a83-01-11601-3
942 _cKS
008 s pl f |000 0 pol
999 _c30322
_d30322
856 _uhttp://koha.tu.koszalin.pl/cgi-bin/koha/opac-detail.pl?biblionumber=30322
_yKatalog online BPK